Versuch über den geglückten Tag : ein Wintertagtraum /

Bibliographic Details
Main Author: Handke, Peter
Format: Book
Language:German
Published: Frankfurt am Main : Suhrkamp, 1991.
Edition:1. Aufl.

MARC

Tag First Indicator Second Indicator Subfields
LEADER 00000cam a2200000 a 4500
001 in00001041421
005 20150928153047.0
008 911025s1991 gw 000 1 ger d
020 |a 3518403796 
035 |a (OCoLC)24624104 
035 |9 AFH4893AM 
040 |a BBH  |c BBH  |d TXA  |d UtOrBLW 
049 |a TXAM 
090 |a PT2668.A5  |b V45 1991 
100 1 |a Handke, Peter. 
245 1 0 |a Versuch über den geglückten Tag :  |b ein Wintertagtraum /  |c Peter Handke. 
250 |a 1. Aufl. 
264 1 |a Frankfurt am Main :  |b Suhrkamp,  |c 1991. 
300 |a 90 pages ;  |c 21 cm. 
336 |a text  |b txt  |2 rdacontent 
337 |a unmediated  |b n  |2 rdamedia 
338 |a volume  |b nc  |2 rdacarrier 
999 |a MARS 
999 f f |s fb32d85d-0a6f-3be9-a5c2-eba6c4d49973  |i 0d914fb8-fd11-353a-acf7-8b1a67d6e18e  |t 0 
952 f f |p ric  |a Texas A&M University  |b Rellis Campus  |c Joint Library Facility  |d Remote Storage  |t 0  |e PT2668.A5 V45 1991  |h Library of Congress classification  |i unmediated -- volume  |m A14815417269 
998 f f |a PT2668.A5 V45 1991  |t 0  |l Remote Storage